| 000 | 00513nam a22001817a 4500 | ||
|---|---|---|---|
| 005 | 20260427143536.0 | ||
| 008 | 260427b |||||||| |||| 00| 0 eng d | ||
| 020 |
_a9789392849534 _qhb |
||
| 082 |
_a333.33 _bSAL |
||
| 100 | _aSalgia, Deepesh | ||
| 245 | _aReal estate : the good, the bad and the unanswered | ||
| 260 |
_aMumbai _bTwagaa International _c2022 |
||
| 300 | _axvi, 251 [5]p. ; 22cm. | ||
| 653 | _aReal property | ||
| 653 | _aProperty Right | ||
| 653 | _aReal Estate Business | ||
| 942 |
_2ddc _cBK |
||
| 999 |
_c53152 _d53152 |
||